Floor plan manual / (Record no. 353976)
[ view plain ]
| 000 -LEADER | |
|---|---|
| fixed length control field | 01828nam a2200289 a 4500 |
| 001 - CONTROL NUMBER | |
| control field | ASIN3034607083 |
| 003 - CONTROL NUMBER IDENTIFIER | |
| control field | OSt |
| 005 - DATE AND TIME OF LATEST TRANSACTION | |
| control field | 20180116192423.0 |
| 008 - FIXED-LENGTH DATA ELEMENTS--GENERAL INFORMATION | |
| fixed length control field | 140703s2011 xxu eng d |
| 020 ## - INTERNATIONAL STANDARD BOOK NUMBER | |
| International Standard Book Number | 3034607083 (paperback) |
| Terms of availability | $84.95 |
| 020 ## - INTERNATIONAL STANDARD BOOK NUMBER | |
| International Standard Book Number | 9783034607087 (paperback) |
| 040 ## - CATALOGING SOURCE | |
| Transcribing agency | sada |
| 050 04 - LIBRARY OF CONGRESS CALL NUMBER | |
| Classification number | NA7126 |
| 082 04 - DEWEY DECIMAL CLASSIFICATION NUMBER | |
| Classification number | 728 |
| 100 ## - MAIN ENTRY--PERSONAL NAME | |
| 9 (RLIN) | 7631 |
| 245 10 - TITLE STATEMENT | |
| Title | Floor plan manual / |
| Statement of responsibility, etc. | edited by Oliver Heckmann and Friederike Schneider. |
| 250 ## - EDITION STATEMENT | |
| Edition statement | 4th Revised and Extended Edition. |
| 260 ## - PUBLICATION, DISTRIBUTION, ETC. | |
| Place of publication, distribution, etc. | [S.l.] : |
| Name of publisher, distributor, etc. | Birkhauser, |
| Date of publication, distribution, etc. | 2011. |
| 300 ## - PHYSICAL DESCRIPTION | |
| Extent | 336 p. ; |
| Dimensions | 33 cm. |
| 520 ## - SUMMARY, ETC. | |
| Summary, etc. | This housing construction design manual documents and analyzes some 130 international residential structures from the last fifty years. From the standardized floor plans of the 1960s to the more individual concepts of the 1980s and the changed requirements and housing types of recent years, example structures by famous and lesser known architects from throughout the world showcase the tremendous variety of possible designs. The categorization of projects from a town planning perspective is supplemented by the detailed typological description of the relevant housing types. Every project is presented with its typical floor plans to a scale of 1:200; sections, site plans, and photographs illuminate each buildings structure and situation. In addition to incorporating some forty new projects, this new edition now contains figure-ground diagrams that highlight the most salient features of the floor plans, making them even easier to compare. |
| 650 #0 - SUBJECT ADDED ENTRY--TOPICAL TERM | |
| Topical term or geographic name entry element | Architecture, Domestic |
| 9 (RLIN) | 7632 |
| 650 #0 - SUBJECT ADDED ENTRY--TOPICAL TERM | |
| Topical term or geographic name entry element | Architecture, Domestic--Planning |
| 9 (RLIN) | 7633 |
| 650 #0 - SUBJECT ADDED ENTRY--TOPICAL TERM | |
| Topical term or geographic name entry element | Floor plans |
| 9 (RLIN) | 7634 |
| 700 1# - ADDED ENTRY--PERSONAL NAME | |
| Personal name | Heckmann, Oliver. |
| 9 (RLIN) | 7635 |
| 856 40 - ELECTRONIC LOCATION AND ACCESS | |
| Materials specified | Amazon.com |
| Uniform Resource Identifier | <a href="http://www.amazon.com/exec/obidos/ASIN/3034607083/chopaconline-20">http://www.amazon.com/exec/obidos/ASIN/3034607083/chopaconline-20</a> |
| 942 ## - ADDED ENTRY ELEMENTS (KOHA) | |
| Source of classification or shelving scheme | |
| Koha item type | Book |
| Withdrawn status | Lost status | Source of classification or shelving scheme | Damaged status | Not for loan | Permanent Location | Current Location | Date acquired | Total Checkouts | Total Renewals | Full call number | Barcode | Date last seen | Date last checked out | Cost, replacement price | Price effective from | Koha item type |
|---|---|---|---|---|---|---|---|---|---|---|---|---|---|---|---|---|
| School of Art Design and Architecture (SADA) | School of Art Design and Architecture (SADA) | 07/01/2014 | 5 | 1 | 728 FLO 2011 | SADA0002342 | 04/18/2024 | 04/01/2024 | 9416.46 | 07/03/2014 | Book |
